| 000 | 00453nam a2200193Ia 4500 | ||
|---|---|---|---|
| 999 |
_c12732 _d12732 |
||
| 003 | 0100 | ||
| 005 | 20180301150801.0 | ||
| 008 | 130303s9999 xx 000 0 und d | ||
| 040 | _cARRUPELIB | ||
| 050 | _aDT859.P3 1972 | ||
| 245 |
_aMalawi: _bthe history of the nation / |
||
| 260 |
_aLondon _bLongman Group Company _c1972 |
||
| 300 | _axxix | ||
| 300 | _b 454p. 23cm. | ||
| 650 |
_aMalawi _xHistory _926441 |
||
| 700 |
_aPachal, Bridglal _940056 |
||
| 942 |
_2lcc _cMONOGRAPH |
||